000 00620nam a2200157 a 4500
001 000014167
005 20200929163512.0
008 091207s2003 dr acd r 001 0 spa d
040 _aDO-SdBNP
_bspa
_cBNPHU
082 _axxxx
_bP699n
111 1 _aConvención Nacional de Turismo por un turismo sostenible y competitivo
_n(4 :
_cSanto Domingo)
_d2003
_932016
245 1 0 _aPlan nacional de desarrollo turístico de la República Dominicana 2003-2013.
260 _aSanto Domingo :
_bSecretaría de Estado de Turismo,
_c2003.
300 _a120 p. :
_bil., gráf., map., retr. ;
_c22 cm.
504 _aBibliografía : p. 118 -119
999 _c13768
_d13768